[Event "Rheinland Pfalz op 6th"]
[Site "Gau Algesheim"]
[Date "2014.06.21"]
[Round "6"]
[White "Tepen, Philipp"]
[Black "Haenssel, Christian"]
[Result "1/2-1/2"]
[WhiteElo "1844"]
[BlackElo "2034"]
[PlyCount "30"]
[EventDate "2014.06.19"]
[EventType "swiss"]
[EventRounds "7"]
[EventCountry "GER"]
[SourceTitle "CBM 161 Extra"]
[Source "ChessBase"]
[SourceDate "2014.08.29"]
[SourceVersion "1"]
[SourceVersionDate "2014.08.29"]
[SourceQuality "1"]

1. d4 d6 2. e4 Nf6 3. Nc3 g6 4. Nf3 Bg7 5. Be2 0-0 6. 0-0 Nc6 7. d5 Ne5 8. Nxe5 dxe5 9. Be3 e6 10. Bc5 Re8 11. Bb5 Bd7 12. Bxd7 Qxd7 13. dxe6 Qxe6 14. Qe2 b6 15. Be3 c6 1/2-1/2

[Event "Rheinhessen-ch U16/U18"]
[Site "Heidesheim"]
[Date "2013.01.06"]
[Round "6.2"]
[White "Tepen, Philipp"]
[Black "Wilhelm, Till"]
[Result "1/2-1/2"]
[WhiteElo "1699"]
[BlackElo "1731"]
[PlyCount "86"]
[EventDate "2013.01.06"]
[EventType "swiss"]
[EventRounds "7"]
[EventCountry "GER"]
[SourceTitle "EXT 2014"]
[Source "ChessBase"]
[SourceDate "2013.11.20"]
[SourceVersion "1"]
[SourceVersionDate "2013.11.20"]
[SourceQuality "1"]

1. d4 Nf6 2. Bg5 c5 3. d5 Qb6 4. Bc1 e6 5. Nc3 exd5 6. Nxd5 Nxd5 7. Qxd5 d6 8. e4 Be6 9. Qd3 Nc6 10. c3 0-0-0 11. Nf3 d5 12. Be2 c4 13. Qc2 Bc5 14. 0-0 Rhe8 15. exd5 Bxd5 16. Bf4 Bd6 17. Be3 Bc5 18. Bf4 Re4 19. Bg3 h6 20. Rad1 Re7 21. Nh4 g6 22. Rfe1 Be6 23. Rxd8+ Qxd8 24. Nf3 Bd6 25. Qa4 Bxg3 26. hxg3 Qa5 27. Qxa5 Nxa5 28. Nd4 Bd5 29. Bg4+ Kd8 30. Rxe7 Kxe7 31. Bf3 Bxf3 32. gxf3 a6 33. Kf1 Nc6 34. Nxc6+ bxc6 35. f4 Kd6 36. Ke2 Kd5 37. Ke3 f5 38. Kf3 g5 39. fxg5 hxg5 40. Ke3 a5 41. a4 Ke5 42. f3 f4+ 43. Kf2 Kf5 1/2-1/2